Economía, trabajo y sociedad : memoria sobre la situación socioeconómica y laboral : España 1999 (Registro nro. 49784)
[ vista simple ]
| 000 -CABECERA | |
|---|---|
| Longitud fija campo de control | 01434nam a2200361 i 4500 |
| 001 - NÚMERO DE CONTROL | |
| Número de control | 49784 |
| 003 - IDENTIFICADOR DE NÚMERO DE CONTROL | |
| Identificador del número de control | ES-MaCES |
| 005 - FECHA Y HORA DE LA ÚLTIMA TRANSACCIÓN | |
| Fecha y hora de la última transacción | 20210726124846.0 |
| 007 - PHYSICAL DESCRIPTION FIXED FIELD--GENERAL INFORMAT | |
| Campo fijo de descripción física | cr ||||||||||| |
| 008 - CAMPO FIJO DE DESCRIPCIÓN FIJA--INFORMACIÓN GENERAL | |
| Códigos de información de longitud fija | 170728s2000 sp |||| o000|| espd |
| 040 ## - FUENTE DE CATALOGACIÓN | |
| Centro catalogador de origen | ES-MaCES |
| Lengua de catalogación | spa |
| Centro transcriptor | ES-MaCES |
| 245 00 - MENCIÓN DE TÍTULO | |
| Título | Economía, trabajo y sociedad : memoria sobre la situación socioeconómica y laboral : España 1999 |
| 300 ## - DESCRIPCIÓN FÍSICA | |
| Extensión | XVI, 687 p. (1,9 mb) |
| 500 ## - NOTA GENERAL | |
| Nota general | Tít. del Acta: Memoria socieconómica y laboral de la nación, año 1999 |
| 593 ## - CES. DATOS DICTAMEN | |
| Comisión de trabajo | Memoria sobre la Situación Socioeconómica y Laboral de España |
| Fecha dictamen | 20000524 |
| Identificador | MEM-1999 |
| Tipo trámite | Ordinaria |
| Tipo sesión | Pleno ordinario |
| Votos aprobados | Presentes (45): (43) sí, (1) no, (1) abst. |
| 650 #4 - ASIENTO SECUNDARIO DE MATERIA--TÉRMINO DE MATERIA | |
| Término de materia o nombre geográfico como elemento inicial | economía |
| 9 (RLIN) | 26781 |
| 650 #4 - ASIENTO SECUNDARIO DE MATERIA--TÉRMINO DE MATERIA | |
| Término de materia o nombre geográfico como elemento inicial | condiciones económicas |
| 9 (RLIN) | 27081 |
| 650 #4 - ASIENTO SECUNDARIO DE MATERIA--TÉRMINO DE MATERIA | |
| Término de materia o nombre geográfico como elemento inicial | trabajo |
| 9 (RLIN) | 28289 |
| 650 #4 - ASIENTO SECUNDARIO DE MATERIA--TÉRMINO DE MATERIA | |
| Término de materia o nombre geográfico como elemento inicial | condiciones de trabajo |
| 9 (RLIN) | 28327 |
| 650 #4 - ASIENTO SECUNDARIO DE MATERIA--TÉRMINO DE MATERIA | |
| Término de materia o nombre geográfico como elemento inicial | sociedad |
| 9 (RLIN) | 27269 |
| 650 #4 - ASIENTO SECUNDARIO DE MATERIA--TÉRMINO DE MATERIA | |
| Término de materia o nombre geográfico como elemento inicial | condiciones sociales |
| 9 (RLIN) | 30469 |
| 650 #4 - ASIENTO SECUNDARIO DE MATERIA--TÉRMINO DE MATERIA | |
| Término de materia o nombre geográfico como elemento inicial | condiciones de vida |
| 9 (RLIN) | 27111 |
| 650 #4 - ASIENTO SECUNDARIO DE MATERIA--TÉRMINO DE MATERIA | |
| Término de materia o nombre geográfico como elemento inicial | España |
| 9 (RLIN) | 26964 |
| 650 #4 - ASIENTO SECUNDARIO DE MATERIA--TÉRMINO DE MATERIA | |
| Término de materia o nombre geográfico como elemento inicial | 1999 |
| 9 (RLIN) | 31200 |
| 653 10 - TÉRMINO DE INDEXACIÓN--NO CONTROLADO | |
| Término no controlado | Condiciones económicas |
| 700 1# - ENCABEZAMIENTO SECUNDARIO--NOMBRE PERSONAL | |
| Nombre de persona | Pérez de los Cobos Orihuel, Francisco |
| Término indicativo de función | ponente |
| 9 (RLIN) | 20747 |
| 700 1# - ENCABEZAMIENTO SECUNDARIO--NOMBRE PERSONAL | |
| 9 (RLIN) | 9050 |
| Nombre de persona | Carpio García, Maximino |
| Término indicativo de función | interviniente |
| 700 1# - ENCABEZAMIENTO SECUNDARIO--NOMBRE PERSONAL | |
| 9 (RLIN) | 20253 |
| Nombre de persona | Palacios Caro, Fernando de |
| Término indicativo de función | interviniente |
| 700 1# - ENCABEZAMIENTO SECUNDARIO--NOMBRE PERSONAL | |
| 9 (RLIN) | 19032 |
| Nombre de persona | Morán Criado, José Manuel |
| Término indicativo de función | interviniente |
| 856 4# - ACCESO ELECTRÓNICO | |
| Identificador Uniforme del Recurso (URI) | <a href="http://www.ces.es/documents/MEM/1999/01">http://www.ces.es/documents/MEM/1999/01</a> |
| Texto del enlace | texto completo |
| 902 ## - CES. TIPO DE DOCUMENTO | |
| Tipodoc (006$c Sirtex) | Memoria CES |
| 942 ## - ELEMENTOS KOHA | |
| Fuente de clasificaión o esquema | Clasificación propia del CES |
| Koha [por defecto] tipo de item | Dictámenes/Informes/Memorias CES |
| Parte de clasificación | Economía |
No hay ítems disponibles.
